Diccionario razonado de legislación y jurisprudencia chilenas

Guardat en:
Dades bibliogràfiques
Autor principal: Risopatrón, Carlos V (Autor)
Format: Llibre
Idioma:espanyol
Publicat: Santiago Victoria 1884
Matèries:
Etiquetes: Afegir etiqueta
Sense etiquetes, Sigues el primer a etiquetar aquest registre!

MARC

LEADER 00000nam a2200000 a 4500
001 UCR3849
003 CL-VaPUC
008 980130e18840000CL |||||||||||||||||spa|d
082 0 4 |a 340.03  |b RIS  |2 21 
100 0 |a Risopatrón, Carlos V  |e author  |9 403208 
245 1 0 |a Diccionario razonado de legislación y jurisprudencia chilenas 
300 |a 676 p 
942 |c BK 
945 |d 19980130 00:00:00  |a aolguin 
260 |a Santiago  |b Victoria  |c 1884 
650 7 |a DERECHO  |2 CL-VaPUC  |9 403209 
650 0 |a Diccionarios  |9 256200 
650 7 |a LEGISLACION  |2 CL-VaPUC  |9 403210 
650 0 |a Jurisprudencia  |9 255952 
650 7 |a CONCEPTOS DEL DERECHO  |2 CL-VaPUC  |9 403211 
650 7 |a TERMINOLOGIA  |2 CL-VaPUC  |9 254881 
651 7 |a CHILE  |2 CL-VaPUC  |9 403212 
583 |a last modification  |c 19980130 00:00:00  |k Rodrigo Vera 
999 |c 266868  |d 266866 
952 |0 0  |1 0  |4 0  |6 340_030000000000000_RIS_1884  |7 0  |8 X  |9 298887  |a BIBDER  |b BIBDER  |d 2019-11-20  |i 1944800  |o 340.03 RIS 1884  |p 1944800  |r 2023-01-25  |w 2019-11-20  |y BK_X  |k DER